000 00469cam a2200193ua 4500
020 _c4.00
041 _ahin
_h
082 _a891.54
_bACH/MA
100 _aAcharya Nandudulare, Vajpey .
245 _aMahakavi Soordas /
_cAcharya nandulare Vajpey.
_hTextual Documents
250 _a2 /
_b.
260 _a :
_bAtmaram and Sons ,
_c1958.
300 _a156 ; .
365 _a4.00
504 _a
942 _cBK
999 _c8367
_d8367